000 00506nam a2200181 4500
003 SEACOMEC
005 20240620151319.0
008 240523b |||||||| |||| 00| 0 eng d
020 _c390.00
_a9788121924405
040 _aSEACOMEC
082 _a621.3
_bT398
100 _aThereja, B.L.
245 _aA Textbook of electrical technology : Vol- 1
_cB.L. Theraja, and A.K. Theraja,
260 _a New Delhi: S. Chand & Company Ltd, c2007
300 _aVol- 1
700 _aTheraja, A.K
942 _cBOOK
999 _c1200
_d1200